000 03902nam a2200409 a 4500
001 000013756
005 20200929163334.0
008 091118s2004 dr abc 000 0 spa d
020 _a9993498203 (v. 1)
020 _a9993498211 (v. 2)
020 _a9993498238 (v. 4)
020 _a8482616730 (v. 5)
020 _a8482616757 (v. 7)
020 _a8482616765 (v. 8)
040 _aDO-SdBNP
_bspa
_cBNPHU
082 _axxxx
_bxxxx
245 0 0 _aSociedad :
_beducación básica /
_cFanny Capellán Almonte... [et al] ; dirección editorial Obdulia García de Escobar; ilustración Amado Polanco.
260 _aSanto Domingo :
_bSantillana,
_c2004.
300 _a8 v. :
_bil., maps., retrs. ;
_c28 cm.
490 1 _aÁmbar
500 _aEducación básica
500 _aLa biblioteca solamente posee la guía, el cuaderno y el álbum del v. 7 y el cuaderno y el álbum del v. 8
500 _aLa biblioteca no posee los volumenes 3 y 6
505 0 _gv. 1 :
_gunidad 1 --
_tAsí somos --
_gunidad 2 --
_tDónde Vivo --
_gunidad 3 --
_tDónde aprendo --
_gunidad 4 --
_tMi comunidad --
_gunidad 5 --
_tEl campo y la ciudad --
_gunidad 6 --
_tMis necesidades --
_gunidad 7 --
_tTrabajo y producción --
_gunidad 8 --
_tMi país /
_rFanny Capellán Almonte --
505 0 _gv. 2 :
_gunidad 1--
_tLa familia y la escuela --
_gunidad 2 --
_tBarrio y comunidad --
_gunidad 3 --
_tNecesidades y recursos --
_gunidad 4 --
_tOficios y profesiones --
_gunidad 5 --
_tLas comunicaciones --
_gunidad 6 --
_tEl transporte --
_gunidad 7 --
_tLas normas --
_gunidad 8 --
_tLa República Dominicana /
_rFanny Capellán Almonte --
505 0 _gv. 4 :
_gunidad 1 --
_tNuestro planeta --
_gunidad 2 --
_tLos medios naturales --
_gunidad 3 --
_tLa República Dominicana --
_gunidad 4 --
_tNuestros indígenas --
_gunidad 5 --
_tEl descubrimiento --
_gunidad 6 --
_tColonia de Santo Domingo --
_gunidad 7 --
_tDivisión de la isla --
_gunidad 8 --
_tLa República /
_rEric Castro Ricart --
_rFanny Capellán Almonte --
505 0 _gv. 5 :
_gunidad 1 --
_tGeografía de América --
_gunidad 2 --
_tEuropa y Asia --
_gunidad 3 --
_tÁfrica y Oceanía --
_gunidad 4 --
_tLas grandes civilizaciones --
_gunidad 5 --
_tÉpoca de descubrimientos --
_gunidad 6 --
_tLa dominación colonial --
_gunidad 7 --
_tConquista y colonización --
_gunidad 8 --
_tEconomía y esclavitud --
_gunidad 9 --
_tLas devastaciones --
_gunidad 10 --
_tLas dos colonias /
_rFanny Capellán Almonte --
_rEric Castro Ricart --
505 0 _gv. 7 :
_gunidad 1 --
_tEl antecedente colonial --
_gunidad 2 --
_tLa situación internacional --
_gunidad 3 --
_tEvolución de las Antillas --
_gunidad 4 --
_tEntre la Colonia y la República --
_gunidad 5 --
_tLa economía del siglo XIX --
_gunidad 6 --
_tLa fundación de la República --
_gunidad 7 --
_tAnexión y segunda República --
_gunidad 8 --
_tIndependentismo y antillanismo --
_gunidad 9 --
_tLiberalismo y dictadura --
_gunidad 10 --
_tLa cultura en el siglo XIX --
_gunidad 11 --
_tModernización a fines del XIX --
_gunidad 12 --
_tEl espacio en el siglo XIX /
_rQuisqueya Lora --
_rMarcos Morales --
505 0 _gv. 8 :
_gunidad 1 --
_tLos inicios el siglo XX --
_gunidad 2 --
_tLas pugnas caudillistas --
_gunidad 3 --
_tLa intervención de 1916 --
_gunidad 4 --
_tAscenso de Trujillo --
_gunidad 5 --
_tCrisis final de la dictadura --
_gunidad 6 --
_tEl Caribe en el siglo XX --
_gunidad 7 --
_tEl país entre 1961 y 1966 --
_gunidad 8 --
_tLos doce años de Balaguer --
_gunidad 9 --
_tEvolución política reciente --
_gunidad 10 --
_tLa economía dominicana hoy --
_gunidad 11 --
_tLa cultura dominicana --
_gunidad 12 --
_tLa organización del espacio /
_rQuisqueya Lora --
_rMarcos Morales
700 1 _aCapellán Almonte, Fanny
_929766
700 1 _aPolanco, José Amado
_eil.
_923172
700 1 _aGarca Escobar, Obdulia,
_edir. ed.
_929770
700 1 _aCastro Ricart, Eric
_923170
700 1 _aLora H., Quisqueya
_929768
700 1 _aMorales, Marcos
_929769
830 0 _aÁmbar
_96599
999 _c13369
_d13369